Country Population - North or South? - Statistics

General Stats
  • This quiz has been taken 65,433 times
  • The average score is 12 of 15
Answer Stats
Question Answer % Correct
Egypt North
96%
Canada South
94%
Sweden South
93%
United Kingdom South
92%
Australia South
91%
Venezuela North
86%
Nigeria South
81%
New Zealand North
79%
Brazil South
77%
Japan South
76%
Taiwan North
75%
United Arab Emirates North
74%
Nepal South
74%
Switzerland North
71%
Uganda South
58%
No matching quizzes found
Score Distribution
Percent of People with Each Score
Percentile by Number Answered
Your Score History
You have not taken this quiz